000 00406nam a2200169Ia 4500
001 37529
005 20240114001935.0
007 ta
008 070612s a g b000 u u
082 _a820.9
_bB 686 C
100 _aBoura, C M .
245 0 _aThe Creative Experiment /
_cC M Boura.
_hTextual Documents
300 _bill ;
653 _aEnglish Literature
942 _2ddc
_cBK
999 _c37508
_d37508